000 01845nam0a2200385 4500
001 RU\NLR\BIBL_A\022359375
005 20260607070451.0
010 _a978-5-17-163058-4
_93000
021 _aRU
_bКН-П-24-052447
_9КН-П-24-5221
035 _a(NLR Aleph) 022359375
090 _a13667943
_c13667943
100 _a20241021d2024 k y0rusy50 ca
101 0 _arus
102 _aRU
105 _aac z 000gy
181 0 _ai3
_baxxe
181 0 _ab2
_bxb2e
182 0 _an
200 1 _aАнглийский с Андреем Усачёвым и компанией
_f[для младшего и среднего школьного возраста
_gАндрей Усачёв, Галина Дядина, Григорий Кружков, Петр Синявский]
203 _aТекст
_aИзображение
_bвизуальные
_cнепосредственные
210 _aМосква
_cАСТ, Аванта
_d2024
215 _a126, [1] с.
_cцв. ил.
_d22
225 1 _aЗвёздный научпоп
300 _aАвт. указаны над вып. дан.
333 _a0+
606 1 _aАнглийский язык
_jУчебные издания для средней школы
_9972309
_3RU\NLR\AUTH\6646032
686 3 _aШ143.21-93рус21[1/7]
701 1 _7ca
_8rus
_aУсачев
_bА. А.
_f1958-
_gАндрей Алексеевич
_9111499
_3RU\NLR\AUTH\771474
701 1 _aДядина
_bГ. С.
_f1979-
_gГалина Сергеевна
_3RU\NLR\AUTH\7795825
_978751
701 1 _7ca
_8rus
_aКружков
_bГ. М.
_f1945-
_gГригорий Михайлович
_915380
_3RU\NLR\AUTH\7732372
701 1 _aСинявский
_bП. А.
_f1943-
_gПетр Алексеевич
_3RU\NLR\AUTH\77119802
_9102727
942 _cBOOK
980 _aNB